| 000 | 01990cam a22003011i 4500 | ||
|---|---|---|---|
| 003 | SA-RiAUC | ||
| 005 | 20250112053819.0 | ||
| 008 | 250112s2004 ts g 110 0bara c | ||
| 040 |
_aSA-RiIMS _bara _cSA-RiAUC _erda |
||
| 082 | 0 | 4 |
_a922.582 _qSA-RiAUC |
| 090 |
_a922.582 _bد ا ر |
||
| 110 | 2 |
_aدار البحوث للدراسات الإسلامية وإحياء التراث (دبي، الإمارات العربية المتحدة). _bملتقى _n(1 : _d2003 : _cدبي، الإمارات العربية المتحدة) |
|
| 245 | 1 | 0 |
_aبحوث الملتقى الأول : _bالقاضي عبد الوهاب البغدادي المالكي بمناسبة مضي ألف عام على وفاته / _cالمؤتمر العالمي لدار البحوث للدراسات الإسلامية وإحياء التراث. |
| 246 | 3 |
_aبحوث الملتقى الأول : _bالقاضي عبد الوهاب البغدادي المالكي شيخ المالكية بالعراق ت. 422 هـ. بمناسبة مضي 1000 عام على وفاته |
|
| 250 | _aالطبعة الأولى. | ||
| 264 | 1 |
_aدبي، الإمارات العربية المتحدة : _bدار البحوث للدراسات الإسلامية وإحياء التراث، _c2004 |
|
| 300 |
_a7 مجلد ؛ _c28 سم |
||
| 336 |
_aنص _btxt _2rdacontent _3كتاب |
||
| 337 |
_aبدون وسيط _bn _2rdamedia |
||
| 338 |
_aمجلد _bnc _2rdacarrier |
||
| 500 | _aالفهرسة من الجزء الأول. | ||
| 500 | _aانعقد هذا المؤتمر بمناسبة مرور ألف عام على وفاة القاضي عبد الوهاب البغدادي. | ||
| 504 | _aيشتمل عل إرجاعات ببليوجرافية. | ||
| 600 | 1 | 7 |
_aالقاضي عبد الوهاب، عبد الوهاب بن علي بن نصر، _d362-422 هجري _vمؤتمرات _2aucnm |
| 650 | 7 |
_aالفقهاء المالكية _vتراجم _vمؤتمرات _2aucsh |
|
| 942 |
_2ddc _cBOOK |
||
| 949 |
_aSA-JeALM _d250112 _ukhaled123 _n1 |
||
| 999 |
_c4598 _d4598 |
||